The Human Nervous System (Record no. 1419)

000 -LEADER
fixed length control field 00608nam a22001937a 4500
005 - DATE AND TIME OF LATEST TRANSACTION
control field 20210426070954.0
008 - FIXED-LENGTH DATA ELEMENTS--GENERAL INFORMATION
fixed length control field 210216s1967 ||||| |||| 00| 0 eng d
040 ## - CATALOGING SOURCE
Original cataloging agency eng
Transcribing agency DLC
041 ## - LANGUAGE CODE
Language code of text/sound track or separate title eng
080 ## - UNIVERSAL DECIMAL CLASSIFICATION NUMBER
Universal Decimal Classification number 616.8
Item number N-73
100 ## - MAIN ENTRY--PERSONAL NAME
9 (RLIN) 903
Personal name Noback, R., Charles
245 ## - TITLE STATEMENT
Title The Human Nervous System
Remainder of title : Basic Elements of Structure and Function
Statement of responsibility, etc. / by: McGraw-Hill Book Company
260 ## - PUBLICATION, DISTRIBUTION, ETC.
Place of publication, distribution, etc. New York
Name of publisher, distributor, etc. McGraw-Hill Book Company
Date of publication, distribution, etc. 1967
300 ## - PHYSICAL DESCRIPTION
Extent 281 p.
Other physical details ill.
650 #0 - SUBJECT ADDED ENTRY--TOPICAL TERM
9 (RLIN) 100
Topical term or geographic name entry element Neurology
653 ## - INDEX TERM--UNCONTROLLED
Uncontrolled term ნევროლოგია
700 ## - ADDED ENTRY--PERSONAL NAME
9 (RLIN) 904
Personal name Demarest, J. Robert
Relator term Illustrator
942 ## - ADDED ENTRY ELEMENTS (KOHA)
Source of classification or shelving scheme
Koha item type Books
Holdings
Withdrawn status Lost status Source of classification or shelving scheme Damaged status Not for loan Permanent location Current location Date acquired Inventory number Total Checkouts Full call number Barcode Date last seen Price effective from Koha item type
          Ken Walker International University Ken Walker International University 02/16/2021 2241   616.8 N-73 2241 02/16/2021 02/16/2021 Books

Powered by Koha